Podniková kultúra a možnosti jej zmeny diplomová práca

Uložené v:
Podrobná bibliografia
Hlavný autor: Poláková, Radoslava
Korporativný autor: Fakulta podnikového manažmentu EU. Katedra manažmentu
Ďalší autori: Joniaková, Zuzana, 1970-
Médium: Kniha
Jazyk:Slovak
Vydavateľské údaje: Bratislava 2016
Tagy: Pridať tag
Žiadne tagy, Buďte prvý, kto otaguje tento záznam!

MARC

LEADER 00000nbm a2200000 4500
001 0218421
005 20170222141117.5
041 0 |a slo 
044 |a SK 
245 1 0 |a Podniková kultúra a možnosti jej zmeny  |b diplomová práca  |c Radoslava Poláková ; školiteľ: Zuzana Joniaková 
264 1 |a Bratislava  |c 2016 
300 |a 79 s. 
100 1 |a Poláková, Radoslava 
700 1 |a Joniaková, Zuzana, 1970- 
710 2 |a Fakulta podnikového manažmentu EU. Katedra manažmentu